|
|
|
|
| LEADER |
00000ny a22000003n 4500 |
| 005 |
20110623150123.0 |
| 008 |
100928s2010 sp b 001 0 spa d |
| 017 |
|
|
|a D.L. M 52021-2009
|
| 020 |
|
|
|a 9788498497946
|
| 035 |
|
|
|a 5013
|
| 040 |
|
|
|a SpMaUCTR
|d vLex
|
| 080 |
|
|
|a 342.7:614
|
| 090 |
|
|
|c 1083
|d 1083
|
| 100 |
1 |
|
|a Lema An̨̤, Carlos
|
| 245 |
1 |
0 |
|a Salud, justicia, derechos
|h [Recurso electrn̤ico]
|b el derecho a la salud como derecho social /
|c Carlos Lema An̨̤
|
| 256 |
|
|
|a Servicio en ln̕ea
|
| 260 |
|
|
|a Madrid :
|b Dyckinson,
|c D.L. 2010
|
| 300 |
|
|
|a 296 p. ;
|c 22 cm
|
| 504 |
|
|
|a Bibliografa̕: p. 273-285
|
| 504 |
|
|
|a Índices.
|
| 506 |
1 |
|
|a Contenido solo disponible en los productos indicados
|d vLex Global
|d vLex Global (Academic Edition, excluding Law Schools)
|d vLex Global (U.S. Academic Edition, Law Schools)
|d vLex Global (U.S. Academic Edition, excluding Law Schools)
|d vLex Global (Academic Edition, Law Schools)
|
| 650 |
0 |
7 |
|a Derecho a la salud
|2 Tesauro vLex
|
| 650 |
0 |
7 |
|a Derechos fundamentales
|2 Tesauro vLex
|
| 650 |
0 |
7 |
|a Derechos sociales
|2 Tesauro vLex
|
| 650 |
0 |
7 |
|a Proteccin̤ de los derechos fundamentales de la persona
|2 Tesauro vLex
|
| 740 |
0 |
|
|a vLex Libros (Servicios en ln̕ea)
|
| 856 |
4 |
0 |
|u http://vlex.com/source/5013
|z Acceso restringido
|
| 942 |
|
|
|c BOOK
|